000 00700nam a2200229 a 4500
999 _c826
_d826
001 826
003 BD-JhCC
005 20171012214339.0
008 171010s2006 bg |||| |||| 001 0 ben d
020 _a9844125405
035 _a(BD-JhCC)826
040 _aBD-JhCC
_dBD-JhCC
041 _aben
082 _a910.8
_bGUN 2006
100 _aগুণ, নির্মলেন্দু
245 _aভ্রমণসমগ্র /
_c নির্মলেন্দু গুণ
260 _aঢাকাঃ
_bঅনন্যা,
_c২০০৬।
300 _a৪০৭ পৃ. :
_c২১ সেমি,
650 _acollection of travel
_xBengali literature
942 _2ddc
_cBK